Finančný majetok podľa slovenskej právnej úpravy účtovníctva

Finančný majetok má osobitné postavenie v rámci celkového majetku podniku. Môže byť výsledkom investovania voľných peňažných prostriedkov alebo slúži účtovnej jednotke na zabezpečenie likvidity, predovšetkým úhradu splatných záväzkov. Členenie finančného majetku podľa vecnej podstaty, z časového hľa...

Descrizione completa

Salvato in:
Dettagli Bibliografici
Autore principale: Szászová, Renáta
Natura: Capitolo di libro
Lingua:slovacco
Soggetti:
Tags: Aggiungi Tag
Nessun Tag, puoi essere il primo ad aggiungerne!!

MARC

LEADER 00000naa$a2200000$$$4500
001 0094914
005 20240502072046.0
041 0 |a slo 
044 |a SK 
245 1 0 |a Finančný majetok podľa slovenskej právnej úpravy účtovníctva  |c Renáta Szászová 
520 |a Finančný majetok má osobitné postavenie v rámci celkového majetku podniku. Môže byť výsledkom investovania voľných peňažných prostriedkov alebo slúži účtovnej jednotke na zabezpečenie likvidity, predovšetkým úhradu splatných záväzkov. Členenie finančného majetku podľa vecnej podstaty, z časového hľadiska. 
610 2 0 |a majetok finančný 
610 2 0 |a jednotka účtovná 
610 2 0 |a likvidita majetku 
100 1 |a Szászová, Renáta